| Tag |
First Indicator |
Second Indicator |
Subfields |
| LEADER |
00000cam a2200000 a 4500 |
| 001 |
in00000074768 |
| 005 |
20151008054755.0 |
| 008 |
800805s1979 enka b f00010 engm |
| 010 |
|
|
|a 80489398
|
| 015 |
|
|
|a GB***
|
| 020 |
|
|
|a 011410770X (pbk. : v. 1) :
|c 3.00
|
| 020 |
|
|
|a 0114107718 (pbk. : v. 2) :
|c 5.75
|
| 035 |
|
|
|a (OCoLC)06650035
|
| 035 |
|
|
|9 AAJ1641AM
|
| 040 |
|
|
|a DLC
|c DLC
|d m.c.
|d TXA
|d UtOrBLW
|
| 043 |
|
|
|a e-uk---
|
| 049 |
|
|
|a TXAM
|v 1 [1406658]
|v 2 [1406659]
|
| 050 |
0 |
0 |
|a TJ163.25.G7
|b G73 1979
|
| 082 |
0 |
|
|a 333.79/15/0941
|2 19
|
| 110 |
1 |
|
|a Great Britain.
|b Department of Energy.
|
| 245 |
1 |
0 |
|a Energy technologies for the United Kingdom :
|b an appraisal for R, D, & D planning /
|c Department of Energy.
|
| 264 |
|
1 |
|a London :
|b H.M. Stationery Off,
|c 1979.
|
| 300 |
|
|
|a 2 volumes :
|b illustrations ;
|c 30 cm.
|
| 336 |
|
|
|a text
|b txt
|2 rdacontent
|
| 337 |
|
|
|a unmediated
|b n
|2 rdamedia
|
| 338 |
|
|
|a volume
|b nc
|2 rdacarrier
|
| 490 |
1 |
|
|a Energy paper ;
|v no. 39
|
| 504 |
|
|
|a Bibliography: volume 1, pages 63-64.
|
| 650 |
|
0 |
|a Power resources
|x Research
|z Great Britain.
|
| 650 |
|
0 |
|a Energy development
|z Great Britain.
|
| 830 |
|
0 |
|a Energy paper ;
|v no. 39.
|
| 999 |
|
|
|a MARS
|
| 999 |
f |
f |
|s 7cfabc84-f1a0-30a3-a1cb-a1f47fdea764
|i 3c11c328-0a4f-3dcb-95bd-8f8ae1aa0f43
|t 0
|
| 952 |
f |
f |
|p ric
|a Texas A&M University
|b Rellis Campus
|c Joint Library Facility
|d Remote Storage
|t 0
|e TJ163.25.G7 G73 1979
|h Library of Congress classification
|i unmediated -- volume
|k v.1
|m A14806248572
|
| 952 |
f |
f |
|p ric
|a Texas A&M University
|b Rellis Campus
|c Joint Library Facility
|d Remote Storage
|t 0
|e TJ163.25.G7 G73 1979
|h Library of Congress classification
|i unmediated -- volume
|k v.2
|m A14806248580
|
| 998 |
f |
f |
|a TJ163.25.G7 G73 1979
|s v.1-v.2
|t 0
|l Remote Storage
|